[Event "SRB-chT2 West"]
[Site "Arandjelovac"]
[Date "2018.10.04"]
[Round "6.6"]
[White "Ljubinkovic, Miodrag"]
[Black "Kijanovic, Igor"]
[Result "0-1"]
[WhiteElo "2222"]
[BlackElo "2118"]
[PlyCount "88"]
[EventDate "2018.09.07"]
[EventType "team-tourn"]
[EventRounds "11"]
[EventCountry "SRB"]
[SourceTitle "EXT 2021"]
[Source "ChessBase"]
[SourceDate "2020.10.23"]
[SourceVersion "1"]
[SourceVersionDate "2020.10.23"]
[SourceQuality "1"]
[WhiteTeam "Krupanj"]
[BlackTeam "Prijepolje Priko"]
[WhiteTeamCountry "SRB"]
[BlackTeamCountry "SRB"]

1. d4 Nf6 2. Nf3 d5 3. c3 Bf5 4. Qb3 Qc8 5. Bf4 e6 6. e3 Be7 7. Nbd2 0-0 8. h3 c5 9. Be2 Nbd7 10. Ne5 Nxe5 11. Bxe5 c4 12. Qd1 b5 13. a3 a5 14. g4 Be4 15. 0-0 h6 16. Bxf6 Bxf6 17. Nxe4 dxe4 18. Qc2 Qc6 19. f3 Bg5 20. Kf2 f5 21. f4 Bh4+ 22. Kg2 a4 23. Rad1 Rad8 24. Rd2 Kh8 25. Kh2 Qc7 26. gxf5 exf5 27. Bd1 g5 28. Kh1 gxf4 29. exf4 Rg8 30. Rh2 Rg3 31. Rg2 Rdg8 32. Rxg3 Rxg3 33. Qh2 Kg7 34. Bh5 Kf6 35. Be2 Qb7 36. Rg1 e3+ 37. Rg2 Qe4 38. Bf1 Qxf4 39. Rxg3 Qxf1+ 40. Rg1 Qf3+ 41. Qg2 Qxg2+ 42. Rxg2 f4 43. Rg4 e2 44. Rxf4+ Kg5 0-1

[Event "SRB-chT2 West"]
[Site "Arandjelovac"]
[Date "2018.09.09"]
[Round "4.1"]
[White "Ljubinkovic, Miodrag"]
[Black "Stankovic, Dragan B"]
[Result "1-0"]
[WhiteElo "2222"]
[BlackElo "2229"]
[PlyCount "51"]
[EventDate "2018.09.07"]
[EventType "team-tourn"]
[EventRounds "11"]
[EventCountry "SRB"]
[SourceTitle "EXT 2021"]
[Source "ChessBase"]
[SourceDate "2020.10.23"]
[SourceVersion "1"]
[SourceVersionDate "2020.10.23"]
[SourceQuality "1"]
[WhiteTeam "Krupanj"]
[BlackTeam "Smederevo"]
[WhiteTeamCountry "SRB"]
[BlackTeamCountry "SRB"]

1. d4 Nf6 2. Nf3 c5 3. c3 e6 4. e3 d5 5. Nbd2 Bd6 6. Bd3 0-0 7. e4 dxe4 8. Nxe4 Nxe4 9. Bxe4 f5 10. Bc2 cxd4 11. cxd4 Bb4+ 12. Bd2 Nc6 13. Bxb4 Nxb4 14. Bb3 Nd5 15. 0-0 b6 16. Re1 Rf6 17. Qd2 Bb7 18. Re5 h6 19. Rae1 Qd6 20. h4 Nc7 21. Qe3 Re8 22. h5 Bxf3 23. gxf3 Kh7 24. d5 g6 25. dxe6 gxh5 26. Rd1 1-0

[Event "SRB-chT2 West"]
[Site "Arandjelovac"]
[Date "2018.09.08"]
[Round "2.1"]
[White "Ljubinkovic, Miodrag"]
[Black "Kurcubic, Jelenko"]
[Result "1-0"]
[WhiteElo "2222"]
[BlackElo "2094"]
[PlyCount "27"]
[EventDate "2018.09.07"]
[EventType "team-tourn"]
[EventRounds "11"]
[EventCountry "SRB"]
[SourceTitle "EXT 2021"]
[Source "ChessBase"]
[SourceDate "2020.10.23"]
[SourceVersion "1"]
[SourceVersionDate "2020.10.23"]
[SourceQuality "1"]
[WhiteTeam "Krupanj"]
[BlackTeam "Bajina Basta"]
[WhiteTeamCountry "SRB"]
[BlackTeamCountry "SRB"]

1. d4 d5 2. Nf3 Nf6 3. c3 c6 4. Bf4 Bf5 5. Qb3 Qb6 6. Nbd2 Nbd7 7. h3 e6 8. e3 Be7 9. Be2 0-0 10. Ne5 a5 11. g4 Qxb3 12. axb3 Nxe5 13. dxe5 Be4 14. f3 1-0

[Event "SRB-chT2 West"]
[Site "Arandjelovac"]
[Date "2018.09.08"]
[Round "3.1"]
[White "Vlajkovic, Stanko"]
[Black "Ljubinkovic, Miodrag"]
[Result "1-0"]
[WhiteElo "2224"]
[BlackElo "2222"]
[PlyCount "107"]
[EventDate "2018.09.07"]
[EventType "team-tourn"]
[EventRounds "11"]
[EventCountry "SRB"]
[SourceTitle "EXT 2021"]
[Source "ChessBase"]
[SourceDate "2020.10.23"]
[SourceVersion "1"]
[SourceVersionDate "2020.10.23"]
[SourceQuality "1"]
[WhiteTeam "Arandjelovac"]
[BlackTeam "Krupanj"]
[WhiteTeamCountry "SRB"]
[BlackTeamCountry "SRB"]

1. Nf3 c6 2. g3 d5 3. Bg2 Nf6 4. 0-0 Bf5 5. d3 e6 6. Nbd2 Bc5 7. Qe1 0-0 8. e4 dxe4 9. dxe4 Bg6 10. Qe2 Nbd7 11. e5 Nd5 12. Ne4 Be7 13. c4 N5b6 14. Rd1 Qc7 15. Bf4 Bxe4 16. Qxe4 Nc5 17. Qc2 Rad8 18. b4 Na6 19. a3 Rxd1+ 20. Rxd1 Rd8 21. Bf1 Rxd1 22. Qxd1 Qd7 23. Bd3 Qd8 24. Qe2 Nc7 25. Qe4 g6 26. h4 Ne8 27. Bg5 Ng7 28. Qe3 Nf5 29. Bxf5 Bxg5 30. hxg5 gxf5 31. Nd2 Nc8 32. Kf1 b6 33. Ke2 Kg7 34. Nb3 Ne7 35. f4 Qc8 36. Qd3 a6 37. Qd6 Qb7 38. c5 Nd5 39. cxb6 Qxb6 40. Qc5 Qc7 41. Nd4 Ne7 42. Nb3 Qd7 43. Qd6 Qa7 44. Nc5 a5 45. bxa5 Nd5 46. Kf3 Qxa5 47. Nd7 Qa8 48. Qc5 Qc8 49. Qd6 Qa8 50. Qc5 Qc8 51. Qd6 c5 52. Nxc5 Qa8 53. Kf2 Qxa3 54. Nxe6+ 1-0

[Event "Srpska Republic-chT 1st League"]
[Site "Banja Dvorovi"]
[Date "2018.08.07"]
[Round "4.3"]
[White "Ljubinkovic, Miodrag"]
[Black "Mahmutbegovic, Muharem"]
[Result "0-1"]
[WhiteElo "2235"]
[BlackElo "2018"]
[PlyCount "78"]
[EventDate "2018.08.04"]
[EventType "team-tourn"]
[EventRounds "9"]
[EventCountry "BIH"]
[SourceTitle "CBM 186 Extra"]
[Source "ChessBase"]
[SourceDate "2018.08.24"]
[SourceVersion "1"]
[SourceVersionDate "2018.08.24"]
[SourceQuality "1"]
[WhiteTeam "Zvornik Drina"]
[BlackTeam "Bijeljina Svetozar Gligoric"]
[WhiteTeamCountry "BIH"]
[BlackTeamCountry "BIH"]

1. d4 Nf6 2. Nf3 g6 3. c3 Bg7 4. Bf4 d6 5. e3 0-0 6. Bc4 Nc6 7. Nbd2 Nd7 8. h4 h5 9. Qc2 Kh8 10. Ng5 e6 11. Nxf7+ Rxf7 12. Qxg6 Qf6 13. Qxh5+ Kg8 14. Ne4 Qe7 15. Ng5 Rf6 16. Qh7+ Kf8 17. Qc2 Kg8 18. d5 Nde5 19. Bb3 Na5 20. Bxe5 dxe5 21. dxe6 Nxb3 22. Qxb3 Bxe6 23. Nxe6 Qxe6 24. Qxb7 Raf8 25. f3 Bh6 26. Qe4 Qb6 27. 0-0-0 Qxe3+ 28. Qxe3 Bxe3+ 29. Kc2 Rg6 30. Kd3 Bb6 31. g4 Rxf3+ 32. Ke4 Rf4+ 33. Kxe5 Rgxg4 34. h5 Re4+ 35. Kf5 Rgf4+ 36. Kg6 Re6+ 37. Kg5 Be3 38. Rhe1 Rfe4+ 39. Kf5 Kf7 0-1

[Event "Srpska Republic-chT 1st League"]
[Site "Banja Dvorovi"]
[Date "2018.08.05"]
[Round "2.4"]
[White "Ljubinkovic, Miodrag"]
[Black "Elez, Sinisa"]
[Result "1-0"]
[WhiteElo "2235"]
[BlackElo "2066"]
[PlyCount "91"]
[EventDate "2018.08.04"]
[EventType "team-tourn"]
[EventRounds "9"]
[EventCountry "BIH"]
[SourceTitle "CBM 186 Extra"]
[Source "ChessBase"]
[SourceDate "2018.08.24"]
[SourceVersion "1"]
[SourceVersionDate "2018.08.24"]
[SourceQuality "1"]
[WhiteTeam "Zvornik Drina"]
[BlackTeam "Dvorovi"]
[WhiteTeamCountry "BIH"]
[BlackTeamCountry "BIH"]

1. d4 d5 2. Nf3 Nf6 3. c3 c5 4. dxc5 e6 5. Bf4 Bxc5 6. e3 Nc6 7. Nbd2 0-0 8. h3 Re8 9. g4 e5 10. Bg3 d4 11. e4 dxc3 12. bxc3 Qa5 13. Qc2 b5 14. Bd3 Qb6 15. 0-0 Bd7 16. Rab1 a6 17. a4 Qc7 18. axb5 axb5 19. Rxb5 Nd8 20. Rb2 h5 21. g5 Nh7 22. h4 Nf8 23. Bc4 Ng6 24. Bd5 Ra7 25. Ra2 Ne6 26. Rxa7 Bxa7 27. Ra1 Bc5 28. Qa2 Bc8 29. Nc4 Nef4 30. Ncxe5 Nxe5 31. Nxe5 Nxd5 32. Qxd5 Be6 33. Qc6 Qe7 34. Nd3 Rc8 35. Ra8 Rxa8 36. Qxa8+ Kh7 37. Nf4 Qd6 38. Kh2 Bc4 39. e5 Qa6 40. Qe4+ Kg8 41. g6 Ba2 42. gxf7+ Bxf7 43. e6 Be8 44. Nd3 Be7 45. Nf4 Bc5 46. Qf5 1-0

[Event "Srpska Republic-chT 1st League"]
[Site "Banja Dvorovi"]
[Date "2017.08.17"]
[Round "6.1"]
[White "Ljubinkovic, Miodrag"]
[Black "Runic, Zoran"]
[Result "1/2-1/2"]
[WhiteElo "2260"]
[BlackElo "2368"]
[PlyCount "74"]
[EventDate "2017.08.12"]
[EventType "team-tourn"]
[EventRounds "9"]
[EventCountry "BIH"]
[SourceTitle "EXT 2019"]
[Source "ChessBase"]
[SourceDate "2018.10.10"]
[SourceVersion "1"]
[SourceVersionDate "2018.10.10"]
[SourceQuality "1"]
[WhiteTeam "Zvornik Drina"]
[BlackTeam "Gacko Mladost"]
[WhiteTeamCountry "BIH"]
[BlackTeamCountry "BIH"]

1. d4 Nf6 2. Nf3 d6 3. c3 Bg4 4. Bf4 c6 5. Qb3 Qc7 6. e3 Bxf3 7. gxf3 Nbd7 8. Bc4 e6 9. a4 Be7 10. Rg1 g6 11. Nd2 Nh5 12. Bg3 a6 13. a5 Nxg3 14. hxg3 d5 15. Be2 h5 16. f4 c5 17. dxc5 Nxc5 18. Qc2 Bf6 19. Nf3 Rc8 20. Bd3 Ke7 21. Kf1 Rb8 22. Kg2 b5 23. axb6 Rxb6 24. Ra2 Rhb8 25. Be2 a5 26. b4 axb4 27. cxb4 Rxb4 28. Rc1 Rc8 29. Ne1 Rb3 30. Qxb3 Nxb3 31. Rxc7+ Rxc7 32. Rc2 Ra7 33. Nf3 Kd6 34. Bf1 Nc5 35. Be2 Bg7 36. Bf1 f6 37. Be2 Ra6 1/2-1/2

[Event "SRB-chT2 West"]
[Site "Kragujevac"]
[Date "2015.10.10"]
[Round "10.3"]
[White "Aleksic, Milan"]
[Black "Ljubinkovic, Miodrag"]
[Result "1/2-1/2"]
[WhiteElo "2246"]
[BlackElo "2256"]
[PlyCount "85"]
[EventDate "2015.09.04"]
[EventType "team-tourn"]
[EventRounds "11"]
[EventCountry "SRB"]
[SourceTitle "EXT 2022"]
[Source "ChessBase"]
[SourceDate "2021.10.06"]
[SourceVersion "1"]
[SourceVersionDate "2021.10.06"]
[SourceQuality "1"]

1. e4 c6 2. d4 d5 3. Nc3 dxe4 4. Nxe4 Nf6 5. Nxf6+ exf6 6. Nf3 Bg4 7. Be2 Bd6 8. h3 Bh5 9. 0-0 0-0 10. Nh4 Bg6 11. Bf3 Na6 12. c3 Nc7 13. Qb3 Rb8 14. Re1 f5 15. g3 f4 16. Kg2 fxg3 17. fxg3 Ne6 18. Nxg6 hxg6 19. Bg4 Ng5 20. Bd2 Kh8 21. h4 Nh7 22. h5 g5 23. Qc2 Qc7 24. Re3 c5 25. Qf5 cxd4 26. cxd4 Rbe8 27. Rae1 Rxe3 28. Rxe3 Be7 29. Bc3 Bf6 30. Bf3 Rd8 31. Be4 Nf8 32. h6 Qd7 33. Qf3 Qd6 34. hxg7+ Kxg7 35. Bxb7 Bxd4 36. Rd3 Ne6 37. Qf5 Qb6 38. Be4 Bxc3 39. Rxd8 Qxd8 40. bxc3 Qd2+ 41. Qf2 Qxc3 42. Qxa7 Nc5 43. Bf3 1/2-1/2

[Event "SRB-chT2 West"]
[Site "Kragujevac"]
[Date "2015.10.09"]
[Round "8.5"]
[White "Mirkovic, Stevan"]
[Black "Ljubinkovic, Miodrag"]
[Result "1-0"]
[WhiteElo "2328"]
[BlackElo "2256"]
[PlyCount "60"]
[EventDate "2015.09.04"]
[EventType "team-tourn"]
[EventRounds "11"]
[EventCountry "SRB"]
[SourceTitle "EXT 2022"]
[Source "ChessBase"]
[SourceDate "2021.10.06"]
[SourceVersion "1"]
[SourceVersionDate "2021.10.06"]
[SourceQuality "1"]

1. Nf3 Nf6 2. c4 c6 3. Nc3 d5 4. d4 e6 5. Bg5 Be7 6. e3 0-0 7. Qc2 h6 8. Bh4 Nbd7 9. Rd1 dxc4 10. Bxc4 Nd5 11. Bxe7 Qxe7 12. 0-0 N5b6 13. Bb3 a5 14. a3 Nd5 15. e4 Nxc3 16. Qxc3 g6 17. Rfe1 Qf6 18. e5 Qe7 19. Nd2 Kg7 20. Ne4 Nb6 21. Qg3 a4 22. Ba2 Nd5 23. h4 Rg8 24. Rd3 Kf8 25. Rf3 Ke8 26. Nd6+ Kf8 27. Rxf7+ Qxf7 28. Nxf7 Kxf7 29. Re4 Ne7 30. Qf4+ Ke8 1-0

[Event "Vojvodina-ch 5th"]
[Site "Novi Sad"]
[Date "2014.07.18"]
[Round "9"]
[White "Nestorovic, Dejan"]
[Black "Ljubinkovic, Miodrag"]
[Result "1-0"]
[WhiteElo "2408"]
[BlackElo "2254"]
[PlyCount "155"]
[EventDate "2014.07.12"]
[EventType "swiss"]
[EventRounds "9"]
[EventCountry "YUG"]
[SourceTitle "CBM 161 Extra"]
[Source "ChessBase"]
[SourceDate "2014.08.29"]
[SourceVersion "1"]
[SourceVersionDate "2014.08.29"]
[SourceQuality "1"]

1. d4 d5 2. c4 c6 3. Nf3 Nf6 4. Nc3 Bf5 5. cxd5 cxd5 6. Qb3 Bc8 7. Bf4 a6 8. Ne5 e6 9. h3 Nbd7 10. Rc1 Nxe5 11. Bxe5 Be7 12. e3 0-0 13. Bd3 Bd6 14. Bxd6 Qxd6 15. 0-0 Bd7 16. Ne2 Bc6 17. Rc3 Ne4 18. Bxe4 dxe4 19. Rfc1 h6 20. Rc5 Rad8 21. Qc2 g6 22. a4 Qe7 23. Nc3 f5 24. Qb3 Qf7 25. Qa2 Kh8 26. b4 f4 27. Re5 fxe3 28. fxe3 Bd5 29. Qd2 g5 30. Nxe4 b6 31. Qe2 Rc8 32. Rxc8 Rxc8 33. Ng3 Rc1+ 34. Kh2 Ra1 35. e4 Bb3 36. d5 Ra2 37. Qe3 Qf4 38. Qxb3 Qf2 39. Qxa2 Qxa2 40. Rxe6 b5 41. Rxh6+ Kg7 42. Nf5+ Kf8 43. axb5 axb5 44. Rb6 Qe2 45. Rb8+ Kf7 46. Rxb5 Kf6 47. Rb6+ Ke5 48. Ng3 Qc4 49. b5 g4 50. Re6+ Kd4 51. b6 gxh3 52. Kxh3 Qb3 53. Kh2 Qb2 54. Nf5+ Kd3 55. Kg3 Kc4 56. Kf3 Kd3 57. g3 Qc1 58. Kg4 Qc8 59. Kf4 Qc1+ 60. Ke5 Qb2+ 61. Kf4 Qc1+ 62. Kg4 Qc8 63. Ne7 Qf8 64. Kg5 Ke3 65. Nf5+ Kf3 66. Re7 Qg8+ 67. Kf6 Qf8+ 68. Kg6 Qg8+ 69. Ng7 Qb8 70. Kf7 Qxb6 71. Nf5 Kg4 72. d6 Kg5 73. d7 Qg6+ 74. Kf8 Qb6 75. Ng7 Qf6+ 76. Rf7 Qd8+ 77. Ne8 Kg6 78. Rf6+ 1-0

[Event "SRB-chT"]
[Site "Vrnjacka Banja"]
[Date "2012.10.02"]
[Round "5.2"]
[White "Nestorovic, Lazar"]
[Black "Ljubinkovic, Miodrag"]
[Result "1-0"]
[WhiteElo "2384"]
[BlackElo "2276"]
[PlyCount "75"]
[EventDate "2012.09.29"]
[EventType "team-tourn"]
[EventRounds "11"]
[EventCountry "SRB"]
[SourceTitle "CBM 150 Extra"]
[Source "ChessBase"]
[SourceDate "2012.10.19"]
[SourceVersion "1"]
[SourceVersionDate "2012.10.19"]
[SourceQuality "1"]
[WhiteTeam "Goracici Jelica"]
[BlackTeam "Vladimirci"]
[WhiteTeamCountry "SRB"]
[BlackTeamCountry "SRB"]

1. e4 c6 2. d4 d5 3. exd5 cxd5 4. c4 Nf6 5. Nc3 g6 6. Qb3 Bg7 7. cxd5 0-0 8. Nge2 Nbd7 9. g3 Nb6 10. Bg2 Ne8 11. 0-0 Nd6 12. Bf4 Nbc4 13. Qc2 Bf5 14. Qc1 Rc8 15. b3 Nb6 16. Qd2 a6 17. h3 h5 18. Be5 Qd7 19. Bxg7 Kxg7 20. Nf4 Rc7 21. f3 Rfc8 22. Nce2 Qd8 23. g4 hxg4 24. fxg4 Be4 25. Qe3 Bxg2 26. Kxg2 Qh8 27. Rf2 Kg8 28. Raf1 Qg7 29. Ng3 Rd8 30. Ne4 Ne8 31. Ne6 fxe6 32. Rf8+ Qxf8 33. Rxf8+ Kxf8 34. Qh6+ Ng7 35. Qh8+ Kf7 36. Qxd8 Ne8 37. dxe6+ Kf8 38. Nc5 1-0

[Event "SRB-chT3 North"]
[Site "Serbia"]
[Date "2008.10.26"]
[Round "11.6"]
[White "Ljubinkovic, Miodrag"]
[Black "Janjos, Slavisa"]
[Result "1-0"]
[WhiteElo "2261"]
[BlackElo "2232"]
[PlyCount "103"]
[EventDate "2008.09.14"]
[EventType "team"]
[EventRounds "11"]
[EventCountry "SRB"]
[SourceTitle "EXT 2012"]
[Source "ChessBase"]
[SourceDate "2011.11.24"]
[SourceVersion "1"]
[SourceVersionDate "2011.11.24"]
[SourceQuality "1"]

1. d4 d5 2. Nf3 Nf6 3. c3 g6 4. Bf4 Bg7 5. e3 0-0 6. Nbd2 Nh5 7. Bg5 h6 8. Bh4 g5 9. Bg3 Nxg3 10. hxg3 Qd6 11. Bd3 Nc6 12. Qe2 e5 13. dxe5 Nxe5 14. Nxe5 Qxe5 15. Nf3 Qf6 16. 0-0-0 Re8 17. Bc2 c6 18. Nd4 c5 19. Qb5 Bg4 20. Nf3 Bxf3 21. gxf3 Qxf3 22. Qxb7 Rad8 23. Rhf1 Qf6 24. Rxd5 Rb8 25. Qd7 Qa6 26. Rfd1 Qxa2 27. Qf5 Qxb2+ 28. Kd2 Qxc3+ 29. Ke2 Rb2 30. Rxc5 Qf6 31. Qd7 Qa6+ 32. Ke1 Rbb8 33. Rc7 Qf6 34. Rd6 Qf3 35. Bd1 Qh1+ 36. Ke2 Rf8 37. Qf5 Rb2+ 38. Bc2 Rxc2+ 39. Rxc2 Qa1 40. Rd7 Qa6+ 41. Kf3 Qe6 42. Qxe6 fxe6+ 43. Ke4 Rf7 44. Rxf7 Kxf7 45. Rc7+ Kf6 46. g4 a5 47. Ra7 Kg6 48. Rxa5 h5 49. gxh5+ Kxh5 50. f4 Bf6 51. fxg5 Bxg5 52. Re5 1-0

[Event "Novi Sad op-A"]
[Site "Novi Sad"]
[Date "2008.04.11"]
[Round "8"]
[White "Ljubinkovic, Miodrag"]
[Black "Perisic, Radivoj"]
[Result "0-1"]
[WhiteElo "2260"]
[BlackElo "2314"]
[PlyCount "86"]
[EventDate "2008.04.06"]
[EventType "swiss"]
[EventRounds "9"]
[EventCountry "YUG"]
[SourceTitle "CBM 123 Extra"]
[Source "ChessBase"]
[SourceDate "2008.05.06"]
[SourceVersion "1"]
[SourceVersionDate "2008.05.06"]
[SourceQuality "1"]

1. d4 Nf6 2. Nf3 e6 3. c3 c5 4. Bf4 Nc6 5. e3 d5 6. Nbd2 b6 7. Bb5 Bd7 8. Ba6 Nh5 9. Bg3 Nxg3 10. hxg3 Be7 11. Bd3 h6 12. Ne5 Nxe5 13. dxe5 Qc7 14. Qh5 Bc6 15. Nf3 g6 16. Bxg6 fxg6 17. Qxg6+ Kd7 18. Rxh6 Rxh6 19. Qxh6 Qd8 20. 0-0-0 Qf8 21. Qg6 Qg8 22. Qd3 Kc7 23. Rh1 Rf8 24. Rh6 Rf5 25. g4 Qxg4 26. Rxe6 Rf7 27. Rg6 Qe4 28. Qxe4 dxe4 29. Ng5 Bxg5 30. Rxg5 Bd5 31. e6 Bxe6 32. Re5 Kd6 33. Rxe4 Rxf2 34. Ra4 a5 35. b3 Re2 36. Kb1 Rxe3 37. Kb2 Re2+ 38. Ka1 Rxg2 39. Rh4 Rc2 40. c4 Ke5 41. Rh6 Re2 42. Rg6 Kd4 43. a3 a4 0-1

[Event "Novi Sad op-A"]
[Site "Novi Sad"]
[Date "2008.04.09"]
[Round "5"]
[White "Ljubinkovic, Miodrag"]
[Black "Bodiroga, Predrag"]
[Result "0-1"]
[WhiteElo "2260"]
[BlackElo "2405"]
[PlyCount "78"]
[EventDate "2008.04.06"]
[EventType "swiss"]
[EventRounds "9"]
[EventCountry "YUG"]
[SourceTitle "CBM 123 Extra"]
[Source "ChessBase"]
[SourceDate "2008.05.06"]
[SourceVersion "1"]
[SourceVersionDate "2008.05.06"]
[SourceQuality "1"]

1. d4 Nf6 2. Nf3 c5 3. c3 b6 4. Bf4 g6 5. e3 Bg7 6. Nbd2 0-0 7. Bc4 Ba6 8. 0-0 Bxc4 9. Nxc4 b5 10. Ncd2 cxd4 11. exd4 d6 12. Re1 Nc6 13. a3 a5 14. Qb3 Rb8 15. Rad1 Qc7 16. Bg5 Rfe8 17. Bxf6 Bxf6 18. d5 a4 19. Qc2 Na5 20. g3 Qb7 21. Ne4 Bg7 22. h4 Rbc8 23. Qe2 h6 24. g4 Nc4 25. Ng3 e5 26. h5 e4 27. Nh4 Bf6 28. Ng2 Bg5 29. hxg6 fxg6 30. Nxe4 Qf7 31. f3 Bd8 32. Rf1 Kg7 33. Qc2 Bb6+ 34. Kh2 Re5 35. b3 axb3 36. Qxb3 h5 37. g5 h4 38. Rd4 h3 39. Kxh3 Bxd4 0-1